| 000 | 00956nam a22002297a 4500 | ||
|---|---|---|---|
| 005 | 20170124103150.0 | ||
| 010 | _aB-071746 | ||
| 020 | _c165.00 | ||
| 035 | _aB-071746 | ||
| 037 | _bCen Lib/Ret | ||
| 040 |
_aDPL _bHN |
||
| 082 |
_a500 _bशेरसिं |
||
| 100 |
_aशेर सिंह _92233 |
||
| 245 |
_aविज्ञान दर्शन : _cशेर सिंह _bकथात्मक कृति / |
||
| 246 |
_aVigyan darshan : kathatmak kriti / _bby Sher Singh |
||
| 260 |
_aदिल्ली _bमाइंड एंड बॉडी ग्रोथ ओरिजिन _c2002 |
||
| 270 |
_bदिल्ली _a1/6588, सी-1 रोहतास नगर, शाहदरा _e110032 |
||
| 300 |
_a128पृ. _c20सेमी(सजिल्द ) |
||
| 650 |
_aविज्ञान दर्शन _x _z _987865 |
||
| 650 |
_aScience Philosophy _987866 |
||
| 942 |
_2ddc _cHN _h500 _mशेरसिं |
||
| 999 |
_c119960 _d119960 |
||